Top States by Religion - Statistics

General Stats
  • This quiz has been taken 20 times
    11 since last reset
  • The average score is 15 of 19
Answer Stats
Religion % State % Correct
Judaism 3.17 California
100%
Roman Catholicism 30.65 New York
100%
Protestantism 80 Alabama
90%
Hinduism 1.3 Delaware
90%
Roman Catholicism 31.99 New Jersey
90%
Buddhism 0.95 Washington
90%
Buddhism 3.8 Hawaii
80%
Islam 3.06 Maryland
80%
Hinduism 0.62 Maryland
80%
Roman Catholicism 35.53 Massachusetts
80%
Islam 2.4 Michigan
80%
Protestantism 79 Mississippi
80%
Protestantism 77 Tennessee
80%
Buddhism 0.72 Alaska
70%
Protestantism 75 Arkansas
70%
Roman Catholicism 29.91 New Mexico
70%
Roman Catholicism 40.61 Rhode Island
70%
Islam 3.7 Illinois
60%
Protestantism 73 West Virginia
50%
No matching quizzes found
Score Distribution
Percent of People with Each Score
Percentile by Number Answered
Your Score History
You have not taken this quiz since the last reset